000 00697nam a2200253Ia 4500
003 OSt
005 20220928111157.0
006 a|||||r|||| 00| 0
007 ta
008 220927b |||||||| |||| 00| 0 eng d
024 _a58589
037 _cTextual
040 _aSDCL
_cSDCL
_beng
041 _2eng
_aeng
082 _aR625x6,1, M3
100 _aGangesha
_9422169
245 0 _aUpmankhandam .
260 _aDarbhanga
_bKameswarnagaram
_c1983
300 _a63p.
_ccm.
700 _a Jha Dharmnath Ed.
_9422170
700 _a Jha Ramsevak Ed.
_9422171
942 _hR625x6,1, M3
_cTEXL
_2CC
999 _c738551
_d738551